000
00290nam a22001337a 4500
008
170623b xxu||||| |||| 00| 0 eng d
020
_a
9780618373093
041
_a
eng
080
_a
328
100
_a
21
101
_a
SHP
245
_a
CLUED IN TO POLITICS
_c
BARBOUR,CH
942
_2
udc
_c
BK
999
_c
18920
_d
18920